[Event "Hasselbacken"]
[Site "Stockholm"]
[Date "2001.08.03"]
[Round "7"]
[White "Cramling, Pia"]
[Black "Barkhagen, Jonas"]
[Result "1-0"]
[WhiteElo "2510"]
[BlackElo "2456"]
[Annotator "Atlas,V"]
[PlyCount "59"]
[EventDate "2001.07.28"]
[EventType "tourn"]
[EventRounds "9"]
[EventCountry "SWE"]
[EventCategory "9"]
[SourceTitle "CBM 085"]
[Source "ChessBase"]
[SourceDate "2001.11.13"]
[SourceVersion "1"]
[SourceVersionDate "2001.11.13"]
[SourceQuality "1"]

1. d4 Nf6 2. Nf3 d5 3. c4 c6 4. Nc3 dxc4 5. a4 Bf5 6. Ne5 e6 7. f3 c5 8. e4
cxd4 9. exf5 Bb4 10. Bxc4 dxc3 11. Qxd8+ Kxd8 12. O-O cxb2 13. Bxb2 Ke7 14. Nd3
Rc8 15. Bb3 Na6 16. Nxb4 Nxb4 17. a5 $1 {Two powerful bishops and active rooks
guarantee White an excellent compensation for the sacrificed pawn.} Nfd5 18.
Rfe1 Rc6 19. Re4 {[%cal Gb2a3,Ga3e7] Threatening 20.Ba3 and preparing further
mobilization of White pieces.} Kd8 20. Rd1 Kc7 21. fxe6 fxe6 22. Be5+ $1 {
An important intermediate move.} Kc8 23. Bxg7 b6 $2 ({A final mistake in a
difficult position. More stubborn was} 23... b5) 24. Bxd5 Nxd5 {[%tqu "En",
"Black's pieces are not co-ordinated. How would you use this?","Use the shaky
position of the a8-rook.","Try to get access to Black's back rank.","d1d5",
"Correct. This simple and elegant move is the most convincing way to conclude
the game.",5]} 25. Rxd5 $1 {[%csl Ra8,Rc8][%cal Ge4e8]} exd5 ({Or} 25... Rc1+
26. Kf2 Rc2+ 27. Kg3) 26. Re8+ Kb7 27. a6+ $1 {[%csl Ra8][%cal Ge8a8] Well, if
you would not see this pawn thrust, would you then sacrifice the exchange on
the 25th move?} Kxa6 28. Rxa8 Rc7 29. Be5 Rd7 30. Kf2 1-0

[Event "EU-ch 6th"]
[Site "Warsaw"]
[Date "2005.06.27"]
[Round "9"]
[White "Wojtaszek, Radoslaw"]
[Black "Najer, Evgeniy"]
[Result "0-1"]
[WhiteElo "2569"]
[BlackElo "2615"]
[Annotator "Atlas,V"]
[PlyCount "92"]
[EventDate "2005.06.18"]
[EventType "swiss"]
[EventRounds "13"]
[EventCountry "POL"]
[SourceTitle "CBM 108"]
[Source "ChessBase"]
[SourceDate "2005.09.26"]
[SourceVersion "1"]
[SourceVersionDate "2005.09.26"]
[SourceQuality "1"]

1. d4 d5 2. c4 c6 3. Nf3 Nf6 4. Nc3 dxc4 5. a4 Bf5 6. Ne5 Nbd7 7. Nxc4 Nb6 8.
Ne5 a5 9. f3 Nfd7 10. Nxd7 Nxd7 11. e4 Bg6 12. Be3 e6 13. Be2 Bb4 14. O-O O-O
15. Qb3 Qc7 16. Bf2 Bd6 17. g3 Rae8 18. Rac1 Bb4 19. Na2 Bd6 20. Kg2 Kh8 21.
Rfd1 f5 22. e5 Be7 23. Bc4 Bf7 24. f4 g5 25. d5 exd5 26. Bxd5 Bh5 27. Bf3 Bxf3+
28. Qxf3 gxf4 29. gxf4 Qc8 30. Kh1 Rg8 31. Qh5 Nf8 32. Nc3 Ng6 33. Nd5 Bd8 34.
Qf3 Qe6 35. Nb6 Bxb6 36. Bxb6 Nh4 37. Qf2 Qb3 38. Rd7 Re7 $1 39. Rd2 ({Of
course, not} 39. Rxe7 $4 Qd5+) 39... Qxa4 40. Bd4 $2 ({This natural move turns
out to be a decisive mistake. Correct was} 40. Rd4 Qb3 41. Bxa5 Reg7 42. Bc3 {
, with unclear play.}) {[%tqu "En","Both kings are not safe. but Black can
strike first. How should he continue?","Try to bring your queen into attack.",
"Open the main diagonal!","c6c5","This excellent move decides the game.",5]}
40... c5 $1 {[%csl Rh1][%cal Ga4c6,Gc6h1] The winning move, opening the main
diagonal for the queen.} 41. e6+ ({The pawn is, of course, invulnerable:} 41.
Rxc5 Qa1+) ({or} 41. Bxc5 Qe4+ {, with mate in three.}) 41... cxd4 42. Qxh4
Rxe6 43. Rg2 Rxg2 44. Kxg2 Qd7 45. Rc2 d3 46. Rd2 Qc6+ ({White resigned in
view of the line:} 46... Qc6+ 47. Kf2 (47. Kf1 Qc1+) 47... Qc5+ 48. Kg2 Rg6+
49. Kf3 Qd5+ 50. Kf2 Qg2+ 51. Ke3 Re6+) 0-1

[Event "EU-Cup 19th"]
[Site "Rethymno"]
[Date "2003.10.01"]
[Round "4.3"]
[White "Avrukh, Boris"]
[Black "Miton, Kamil"]
[Result "0-1"]
[WhiteElo "2557"]
[BlackElo "2546"]
[Annotator "Avrukh,B"]
[PlyCount "94"]
[EventDate "2003.09.28"]
[EventType "team-swiss"]
[EventRounds "7"]
[EventCountry "GRE"]
[SourceTitle "CBM 098"]
[Source "ChessBase"]
[SourceDate "2004.02.03"]
[SourceVersion "1"]
[SourceVersionDate "2004.02.03"]
[SourceQuality "1"]
[WhiteTeam "Beer Sheva"]
[BlackTeam "Grodzisk"]
[WhiteTeamCountry "ISR"]
[BlackTeamCountry "POL"]

1. d4 d5 2. c4 c6 3. Nc3 Nf6 4. Nf3 dxc4 5. a4 Bf5 6. Ne5 Nbd7 7. Nxc4 Nb6 8.
Ne5 a5 9. g3 e6 10. Bg2 Bb4 11. O-O O-O 12. e3 (12. e4 $2 Bxc3 $17) 12... Nbd5
$5 $146 {An interesting attempt in quite well-known position.} ({Normally
black continues:} 12... h6 13. Qe2 Bh7 14. Rd1 Qe7 (14... Nfd7 15. Nd3 (15.
Nxd7 Nxd7 16. e4 Qe7 17. Be3 Rae8 18. Na2 Bd6 19. Qd2 Bc7 20. d5 $11 {0-1
Shchekachev,A-Motylev,A/Bastia FRA 2003/The Week in Chess 469 (52)}) 15... Qe7
16. e4 e5 (16... Rfd8 17. Bf4 $14) 17. d5 (17. dxe5 Nxe5 18. Nxe5 Qxe5 19. Bf4
Qe6 $15) 17... Rfd8 (17... Bxc3 18. bxc3 {/\Ba3}) 18. Be3 Bxc3 19. bxc3 cxd5
20. exd5 Nc4 $2 {1/2-1/2 Kramnik,V-Short,N/Novgorod 1994/CBM 43/[Hansen,Cu] 
(46). (46)} (20... Rac8 $11)) 15. e4 Rfd8 16. Bf4 Rac8 17. Nd3 $14 {1/2-1/2
Gelfand,B-Ivanchuk,V/Prague 2002/CBM 89/[Huebner,R] (43)}) (12... Nfd7 13. e4
Bg6 14. Nxg6 hxg6 15. e5 $14 {1/2-1/2 Gyimesi,Z-Gagunashvili,M/Plovdiv BUL
2003/The Week in Chess 466 (50)}) 13. Na2 $1 {Threatening to throw aside black
piecies after e3-e4.} (13. e4 Nxc3 14. bxc3 Bxc3 15. Ra3 Bxd4 16. Nf3 Bxf2+ 17.
Kxf2 Nxe4+ 18. Kg1 Qxd1 19. Rxd1 Rfd8 $13) (13. g4 Bg6 14. Bd2 Nd7 15. Nxg6
fxg6 $1 $132 (15... hxg6 16. e4 $14)) 13... Be7 $1 {[%cal Gd5b4]} (13... Bd6
14. f3 $5 {[%cal Ge3e4]} (14. g4) 14... Nb4 15. e4) (13... h6 14. f3 Bh7 15. e4
Ne7 16. Nxb4 axb4 17. Be3 $16) 14. g4 $5 {Looks,like very promising idea,but
in fact everything is not that clear,since white is weakening his king too.} ({
More solid} 14. f3 $142 $1 Nb4 15. e4 Bg6 16. Be3 $14 (16. Nc3 Nd7 $132)) 14...
Bg6 (14... Be4 $2 15. f3 Bg6 16. h4 $16) 15. h4 (15. g5 Bh5 16. Qb3 Nd7 $13)
15... Nb4 $1 (15... h5 16. Nxg6 fxg6 17. e4 Nb4 18. g5 Ne8 19. Be3 $16) 16.
Nxb4 (16. h5 $2 Bc2 17. Qe2 Bxa4 $17) 16... Bxb4 (16... axb4 $143 17. h5 Be4
18. g5 $1 Bxg2 19. gxf6 Bxf1 (19... gxf6 $2 20. Qg4+ Kh8 21. h6 Rg8 22. Nxf7#)
20. fxe7 Qxe7 21. Kxf1 f6 22. Nd3 $16) 17. h5 ({Very unclear:} 17. f3 {[%csl
Ge4][%cal Gh4h5]} h5 18. g5 Nd5 19. Nxg6 fxg6 20. Qc2 Ne7 {[%cal Ge7f5]}) 17...
Be4 18. f3 Bd5 19. h6 {White's play looks extremely energetic and white's
initiative looks very dangerous,but in fact black's position is full of
counterplay,since white's king is weakened already.} (19. e4 $140 $6 Bb3 $1 {
[%csl Gd4]} 20. Nxf7 Rxf7 21. Qxb3 Qxd4+ 22. Be3 Qd6 $13) (19. Qd3 c5 $1 (19...
Bd6 20. h6 $13) 20. h6 Nd7 $1 {and black has no problems}) 19... g6 $2 (19...
gxh6 $140 20. Rf2 {[%cal Ge3e4]} Nd7 21. Nxd7 Qxd7 22. e4 Bc4 23. Bxh6 $16 {
[%csl Gc4][%cal Gd1c1,Gc1g5]}) (19... Nd7 $142 $1 {was the right way} 20. hxg7
Kxg7 21. Nxd7 (21. Nd3 Bd6 {[%cal Gd8h4]} 22. e4 (22. Nf4 $2 Bxf4 23. exf4 f5
$17) 22... Bc4 (22... Qh4 $143 23. Bf4 Bxf4 24. Nxf4 Bc4 25. Rf2 $14 {[%cal
Gf4h5]}) 23. f4 (23. b3 $2 Qh4 24. Rf2 Qh2+ 25. Kf1 Ba6 $40 {[%csl Gf1]}) 23...
Qh4 24. g5 f5 $1 $13) (21. e4 Nxe5 22. exd5 Qh4 $1 23. Qe2 Ng6 $13) 21... Qxd7
22. Qd3 (22. e4 Bc4 23. Rf2 e5 $15) 22... c5 23. dxc5 Qe7 $11 {[%cal Gb4c5]})
20. Qd3 $1 $16 Bd6 (20... c5 {losing at once after:} 21. e4 Bc6 22. Nxc6 bxc6
23. Bg5 {[%csl Rd8,Rf6][%cal Ge4e5]} e5 24. f4 $1 $18) 21. g5 Nh5 $8 22. e4 Qb6
(22... Bxe4 23. Qxe4 Ng3 24. Qe3 Nxf1 25. Bxf1 $16) 23. Be3 $1 ({Of course not:
} 23. Nd7 $2 Qc7 24. Nxf8 Bh2+ 25. Kh1 Qg3 $40 {[%cal Gg3h4]}) 23... Bb3 (23...
Bxe5 24. dxe5 Bc4 25. Bxb6 Bxd3 26. Rfd1 Nf4 27. Bf1 Bxf1 28. Kxf1 $18 {
[%csl Rf4] black is playing simply piece down}) 24. Nd7 Qc7 25. Nf6+ $1 (25.
Nxf8 Bh2+ 26. Kf2 Qg3+ 27. Ke2 Rxf8 (27... Qxg2+ 28. Rf2 Qh3 29. Nd7 $18) 28.
Bh1 (28. Qxb3 Qxg2+ 29. Rf2 Qh3) 28... Qh3 29. Kd2 Ng3 {probably white is
winning,but black has some counterplay}) 25... Nxf6 26. gxf6 Qb6 27. e5 $2 (27.
Rfc1 $142 {[%csl Rb3][%cal Gc1c3]} Qb4 28. Bd2 Qb6 29. Rc3 {was winning easily}
) 27... Bc7 28. d5 Bc4 (28... Qb4 29. d6 Bc4 (29... Bb6 30. Rf2 $16 {[%csl Gd6]
}) 30. Qd4 Bxf1 31. Qxb4 axb4 {leads to the game}) 29. Qc3 Qb4 30. Qxb4 axb4
31. d6 Bxf1 32. dxc7 $1 (32. Bxf1 Bb8 $15 {[%cal Gb8a7]}) 32... Bc4 $2 $138 (
32... Bxg2 $143 33. Kxg2 Ra5 $1 {very important move} 34. Rd1 (34. f4 Rd5 35.
Bb6 Rc8 {[%cal Gg8f8]} 36. Rc1 {[%cal Gc1c4]} Kf8 37. Rc4 Ke8 38. Rxb4 Kd7 $11)
34... Rd5 35. Rxd5 exd5 36. Bc5 Rc8 37. Bd6 c5 38. Kf2 d4 39. b3 (39. Ke2 c4
40. Kd2 b3) 39... c4 $1 (39... b6 40. Ke2 Ra8 41. Kd3 Rc8 42. Kc4 Ra8 43. a5
bxa5 44. Bxc5 $18) 40. Ke2 cxb3 41. Kd3 b6 42. f4 Ra8 43. Bxb4 Rc8 44. Bd6 Ra8
$11) 33. Bb6 Rfc8 34. a5 Kf8 35. Rd1 Bd5 36. Rxd5 {Absolutely the right idea} (
{It was quite possible not to hurry up with exchange sacrifice} 36. Bf1 Ke8 37.
Rxd5 exd5 38. Kf2 d4 39. f4 $18) 36... exd5 (36... cxd5 37. Bf1 $1 $18 {
[%cal Gf1b5,Gb5d7]}) 37. Bh3 Re8 {The only chance for counterplay} ({After} 
37... Ke8 38. Kf2 c5 39. Ke3 c4 40. f4 c3 41. bxc3 bxc3 42. Kd3 d4 43. Kc2 Kf8
44. Bd7 Kg8 45. e6 {white wins easily}) 38. Bd7 Rxe5 $1 39. Bc5+ $4 $138 {
Now it's difficult for me to explain this stupid move,but in mutual time
trouble a lot of things could happened.} (39. c8=Q+ Rxc8 40. Bxc8 d4 41. f4 $1
Re8 (41... Rd5 42. Kf1 d3 43. Ke1 $18) 42. Bxb7 d3 43. Bc5+ Kg8 44. Bxb4 $18)
39... Kg8 40. c8=Q+ Rxc8 41. Bxc8 d4 42. Bxd4 Rxa5 43. Bb6 $4 {During the game
i was so dissapointed,with the way i lost all my winning chances,so i was
already very pessimistic about my chances to save the game.But right here i
missed a great opportunity to keep a balance.} (43. Bxb7 $142 c5 44. Be5 c4 45.
f4 c3 46. bxc3 Ra1+ 47. Kg2 b3 48. c4 b2 49. Be4 $1 {this is exactly,what i
missed,white should to give up the light-squared bishop.} (49. Bxb2 Ra2 $19)
49... b1=Q 50. Bxb1 Rxb1 51. Bd6 $1 {[%csl Rg8]} Re1 52. c5 Re6 53. Be7 Re2+
54. Kf3 Re6 $11) 43... Ra2 44. b3 (44. Bd4 $142 c5 45. Be5 (45. Bxc5 $140 Ra1+
46. Kf2 Rc1 $19 {[%csl Gc5,Gc8]}) 45... b6 $1 (45... c4 $2 {Allows the white
to create a fortress:} 46. Bxb7 c3 47. bxc3 b3 48. c4 b2 49. Be4 Ra1+ 50. Kg2
b1=Q 51. Bxb1 Rxb1 52. Bd6 $1 $11) 46. Kf1 (46. Bb7 $140 c4 47. Bd5 Ra5 $19 {
[%csl Gd5,Ge5]}) 46... c4 47. Ke1 c3 48. bxc3 b3 {and black wins}) 44... Ra8 $1
45. Bd7 (45. Bxb7 Rb8 {[%csl Gb6,Gb7]}) 45... Ra3 46. Kf2 Rxb3 47. Ke2 Rc3 0-1

[Event "EU-Cup 21st"]
[Site "Saint Vincent"]
[Date "2005.09.20"]
[Round "3.2"]
[White "Avrukh, Boris"]
[Black "Eriksson, Magnus"]
[Result "1-0"]
[WhiteElo "2652"]
[BlackElo "2338"]
[Annotator "Avrukh,B"]
[PlyCount "49"]
[EventDate "2005.09.18"]
[EventType "team-swiss"]
[EventRounds "7"]
[EventCountry "ITA"]
[SourceTitle "CBM 110"]
[Source "ChessBase"]
[SourceDate "2006.01.31"]
[SourceVersion "1"]
[SourceVersionDate "2006.01.31"]
[SourceQuality "1"]
[WhiteTeam "Beer Sheva"]
[BlackTeam "Malmo"]
[WhiteTeamCountry "ISR"]
[BlackTeamCountry "SWE"]

1. d4 d5 2. c4 c6 3. Nc3 Nf6 4. Nf3 dxc4 5. a4 Bf5 6. Ne5 Nbd7 7. Nxc4 Nb6 8.
Ne5 a5 9. Bg5 {Recently a very fashionable continuation, which has gained
popularity thanks to Boris Gelfand's efforts in this line.} Nfd5 {A very
principal continuation, Black is threatening to play 10....f6, so White should
react very quickly.} ({The main alternative is} 9... h6) 10. e4 $1 $146 {
[%mdl 8] This might be the critical continuation.} ({An earlier game went:} 10.
Qb3 Be6 11. e4 Nxc3 12. Qxc3 f6 13. d5 Nxd5 14. exd5 Bxd5 (14... Qxd5 15. Bc4
$140 Qe4+ 16. Qe3) 15. Bc4 e6 {and the game was extremely unclear.} 16. O-O
fxg5 17. Bxd5 cxd5 18. f4 Qb6+ (18... Bd6 $5) 19. Kh1 Bb4 20. Qh3 O-O-O 21. Nf7
gxf4 22. Nxh8 Rxh8 23. Rxf4 $13 {1-0 Del Rio Angelis,S-Kononenko,T/Salou ESP
2005/The Week in Chess 556 (44)}) 10... Nxc3 11. bxc3 Bxe4 12. Qb3 {The key
move in White's strategy. Using Black's lack of development White manages to
develop a dangerous initiative.} Bd5 ({The reasonable alternative would be} 
12... Nd5 {and here during the game my intention was to continue:} 13. Qxb7 ({
There is also a computer line:} 13. f3 Bf5 14. Qxb7 Qc8 15. Qxc6+ Qxc6 16. Nxc6
Nxc3 (16... Bd7 17. Ne5 Nxc3 18. Kd2 f6 19. Nxd7 Kxd7 20. Bh4 $16 {[%csl Gf1,
Gh4]}) 17. Rc1 Na2 $1 18. Ne5 Nxc1 19. Bb5+ Kd8 20. Nxf7+ Kc7 21. Nxh8 $16 {
with advantage.}) 13... Qc8 14. Qxc8+ Rxc8 15. f3 (15. Ba6 Rc7 16. Bd3 Bxd3 17.
Nxd3 Nxc3 18. Bd2 Nd5 19. Bxa5 Ra7 20. Bd2 e6 21. Ke2 Bd6 {and maybe Black can
hold.}) 15... Bf5 16. g4 Bd7 17. Bd2 e6 18. Rb1 {and White enjoyes a very
pleasant edge in the arising endgame.}) 13. c4 Be6 $2 {This is already a
serious mistake.} ({The whole line has been tested heavily in Gelfand-Felgaer
match during World Cup in Russia, so this position has been reached in one of
the games, where the Argentinian player clearly improved Black's play:} 13...
Be4 14. Qe3 Bf5 15. d5 f6 16. dxc6 e6 17. cxb7 Bb4+ 18. Ke2 Rb8 19. g4 {
1/2-1/2 Gelfand,B-Felgaer,R/Khanty Mansyisk RUS 2005 (32)}) 14. d5 Nxd5 ({
Black could have tried} 14... Bf5 {but after the calm} 15. Be2 (15. Rd1 Qd6 16.
Qxb6 Qxe5+ 17. Be2 $16) 15... Qd6 (15... f6 $140 16. dxc6 $1 bxc6 17. Nxc6 Qc7
18. c5 $1 Nd7 19. Qf3 {and White's advantage is beyond the doubts.} fxg5 $140
20. Nd4 {[%csl Ga8,Gf5]}) 16. Qxb6 Qxe5 17. O-O {and White's advantage in
development should decide the game.} Qxe2 $140 18. Qxb7 {following by 19 Rae1
winning.}) 15. cxd5 Bxd5 16. Bc4 f6 (16... Qd6 17. Bf4 Qb4+ 18. Qxb4 axb4 19.
Bxd5 cxd5 20. Bd2 e6 21. Nd3 {should be winning for White.}) 17. O-O-O fxe5 18.
Bxd5 cxd5 19. Rxd5 Qc7+ 20. Kb1 $18 {Black is still two pawns up, but his
position is strategically lost, due to the lack of development and vulnerable
position of his King.} Ra6 ({Black has no time for} 20... e6 21. Rc1 Qxc1+ $8
22. Bxc1 exd5 23. Qb5+ Kf7 24. Qxd5+ Kf6 25. Bb2 Re8 26. f4 $18) 21. Rhd1 Re6 {
Trying to escape with his king to f7 square.} 22. Rb5 Qc6 (22... Rd6 23. Rxd6
Qxd6 24. Rxb7 $18) 23. Rxb7 Kf7 24. Be3 Kf6 (24... Qxg2 25. Rb6 Qh3 26. Rg1 $1
{[%cal Gg1g3,Gg3f3]}) 25. f3 $5 (25. f3 g6 26. Rb6 Qc8 27. Bg5+ $18) 1-0